000 01872cam a2200397Li 4500
001 ocn495062851
003 TZ-ArACH
005 20130710102849.0
008 090703t20092009be f b 000 0 fre d
016 7 _aFRBNF42046084000000X
_2FrPBN
020 _a9782802727170 (br)
020 _a2802727176 (br)
035 _a(OCoLC)495062851
040 _aZWZ
_encafnor
_bfre
_cTZ-ArACH
_dLVB
_dDEBBG
_dMUQ
_dCHRRO
_dBDF
_dBDP
041 _aFre
049 _aTZAA
050 0 0 _aKZ6429
_b.K65
082 1 4 _a341.66
_222
100 1 _aKolb, Robert.
_912494
245 1 3 _aDroit de l'occupation militaire: perspectives historiques et enjeux juridiques actuels /
_h[Texte imprimé] :
_bperspectives historiques et enjeux juridiques actuels /
_cRobert Kolb, Sylvain Vité.
260 _aBruxelles :
_bBruylant,
_c2009.
300 _a1 vol. (VI-482 p.) ;
_c24 cm.
490 1 _aCollection de l'Académie de droit international et de droits humains à Genève =
_aCollection of the Geneva academy of international humanitarian law and human rights
504 _aBibliogr. p. [453]-478. Notes bibliogr.
648 7 _aHistory 1900-2005.
_912491
650 7 _aOccupation militaire
_xDroit.
_2ram
_912495
650 6 _aOccupation militaire.
_912496
650 7 _aIntervention (droit international)
_xOccupation militaire
_xNations Unies
_yAntiquité / 21e s.
_912497
650 0 _aMilitary occupation.
_912498
650 0 _aWar (International law)
_912499
700 1 _aVité, Sylvain.
_912493
830 0 _aCollection de l'Académie de droit international humanitaire et de droits humains à Genève.
_912492
856 4 2 _3Notice et cote du catalogue de la Bibliothèque nationale de France
_uhttp://catalogue.bnf.fr/ark:/12148/cb42046084w
942 _2lcc
_cBOOK
999 _c2461
_d2461